000 00775nam0a22002651 4500
001 RU\INFOCOMM_322\NLR\5000243335
005 20250613112628.0
010 _99000 экз.
_bВ пер.
035 _a(NLR Aleph) 009615047
090 _a9396491
_c9396491
100 _a20130318d1958 |||y0rusy50 ca
101 0 _afre
102 _aRU
105 _ay z |||||
200 1 _aL'astronomie récréative
210 _aM.
_cÉd. en langues étrangères
_d1958
215 _a213 с.
_cил., карт.
_d22 см
620 _aМосква
686 _aА(К300-заним.лит.)
_2rubbk
700 1 _aPerel'man
_bJ. I.
_f1882-1942
_gJakov Isidorovič
801 1 _aRU
_bInfocomm
_c20130318
801 0 _aRU
_bINFOCOMM
_gPSBO
852 _aNLR
_jА01 Г-5/60
942 _cBOOK
980 _aNB